000 01423ngm a22004450a 4500
001 PT49583
003 AR-LpoUNG
005 20210202000036.0
007 vd cvaizq
008 191001s2002||||ag |||||||||||||||||spa d
040 _aAR-LpoUNG
_bspa
_cAR-LpoUNG
_eaacr
041 _aspa
044 _aag
082 0 _a982.064 337noc
100 1 _aBauer, Tristán
245 1 3 _aLa noche de los bastones largos :
_bel futuro intervenido
260 _aBuenos Aires :
_bFacultad de Humanidades,
_c[2002].
300 _aDVD (50 min.) : son., col.
520 _aDocumental sobre los hechos ocurridos el 29 de julio de 1966 cuando el gobierno de facto del Gral. Juan Carlos Onganía interviene brutalmente la universidad. Entrevistados: Dr. Rolando García; Arq. Carlos Méndez Mosquera; Dr. Manuel Sadosky; Arq. Horacio Pando; Dr. Felix Shuster; Dr. Roberto Roth; Dr. Tomás Buch
650 4 _aARGENTINA
650 4 _aAUTORITARISMO
650 4 _aDELITOS
650 4 _aDICTADURA
650 4 _aEJERCITO
650 4 _aESTADO
650 4 _aGENOCIDIO
650 4 _aGOLPES DE ESTADO
650 4 _aPROBLEMAS SOCIALES
650 4 _aSOCIEDAD
650 4 _aUNIVERSIDADES
650 4 _aVIOLENCIA
653 _aDOCUMENTALES
653 _aREPRESION
653 _aVIDEOS
700 1 _aArca, Fernando
700 1 _aPalomino, Juan, voz
700 1 _aScaglione, Carolina
905 _a49583
942 _cDVD
999 _c54016
_d54016